000 00626nam a2200229 a 4500
001 BRCA_4962
005 20190320204859.0
008 790511s1941####nyu#######---#000-1#eng-#
041 _aeng
044 _anyu
050 4 _aPZ3
_b.B83 1941
100 1 _aBuchan, John
_d1875-1940
_912624
245 1 0 _aThe Thirty-Nine Steps
_cby John Buchan.
260 _aNueva York
_bPocket Books
_c1941
300 _a231 p.
_c16 cm.
500 _aEstado físico: Libro deteriorado
500 _aDD41
650 1 4 _aNovela norteamericana
_912625
650 1 4 _aGuerra mundial, 1914-1918
_vFicción
_912626
902 _aGFM
942 _2lcc
_cB
999 _c4656
_d4656